|
|
|
|
| LEADER |
00000ckm a2200000 c 4500 |
| 001 |
1856397467 |
| 003 |
DE-627 |
| 005 |
20260417143100.0 |
| 007 |
kk ||| |
| 008 |
230817s2023 gw ||| | | ||ger c |
| 035 |
|
|
|a (DE-627)1856397467
|
| 035 |
|
|
|a (DE-599)KXP1856397467
|
| 040 |
|
|
|a DE-627
|b ger
|c DE-627
|e rda
|
| 041 |
|
|
|a ger
|
| 044 |
|
|
|c XA-DE
|
| 245 |
0 |
0 |
|a Es gibt keine Einzelfälle
|b Nazis und rechte Netzwerke in den deutschen "Sicherheitsbehörden" : fünfundfünzigtausend Schuss.*
|c v.i.S.d.P.: Hana Reim ; [Antifa-AG der Interventionistischen Linken Berlin]
|
| 246 |
3 |
3 |
|a Fünfundfünzigtausend Schuß
|
| 264 |
|
1 |
|a [Berlin]
|b [Verlag nicht ermittelbar]
|c [2023]
|
| 300 |
|
|
|a 1 Plakat
|b farbig
|c 60 x 42 cm
|
| 336 |
|
|
|a Text
|b txt
|2 rdacontent
|
| 336 |
|
|
|a unbewegtes Bild
|b sti
|2 rdacontent
|
| 337 |
|
|
|a ohne Hilfsmittel zu benutzen
|b n
|2 rdamedia
|
| 338 |
|
|
|a Blatt
|b nb
|2 rdacarrier
|
| 583 |
1 |
|
|a Archivierung/Langzeitarchivierung gewährleistet
|f SLG
|x XA-DE-BW
|z BfZ
|2 pdager
|5 DE-24
|
| 583 |
1 |
|
|a Digitalisiert
|f SLG
|z BfZ
|2 pdager
|5 DE-24
|
| 655 |
|
7 |
|a Plakat
|0 (DE-588)4046198-1
|0 (DE-627)104141603
|0 (DE-576)209068558
|2 gnd-content
|
| 689 |
0 |
0 |
|d g
|0 (DE-588)4011882-4
|0 (DE-627)104704861
|0 (DE-576)208896155
|a Deutschland
|2 gnd
|
| 689 |
0 |
1 |
|d s
|0 (DE-588)4054793-0
|0 (DE-627)106161059
|0 (DE-576)209110600
|a Sicherheitsbehörde
|2 gnd
|
| 689 |
0 |
2 |
|d s
|0 (DE-588)4048829-9
|0 (DE-627)104325372
|0 (DE-576)209079428
|a Rechtsradikalismus
|2 gnd
|
| 689 |
0 |
3 |
|d s
|0 (DE-588)4014891-9
|0 (DE-627)106338374
|0 (DE-576)208909818
|a Entnazifizierung
|2 gnd
|
| 689 |
0 |
|
|5 (DE-627)
|
| 700 |
1 |
|
|a Reim, Hana
|e HerausgeberIn
|4 edt
|
| 710 |
2 |
|
|a Interventionistische Linke Berlin
|e Sonstige Person, Familie und Körperschaft
|0 (DE-588)1116034077
|0 (DE-627)870132830
|0 (DE-576)478128142
|4 oth
|
| 776 |
0 |
8 |
|i Elektronische Reproduktion
|t Es gibt keine Einzelfälle
|d [Berlin] : [Verlag nicht ermittelbar], 2023
|h 1 Plakat
|w (DE-627)1856397629
|k Electronic
|
| 856 |
4 |
2 |
|u https://entnazifizierungjetzt.de/
|7 1
|
| 935 |
|
|
|a rexa
|
| 935 |
|
|
|c bild
|
| 951 |
|
|
|a BO
|
| ORI |
|
|
|a WA-MARC-krimdok_oa001.raw
|
| TIM |
|
|
|a 100019901003_100020261231
|b 1990-10-03 - 2026
|